[Event "Steinfurt Bezirksliga 1617"]
[Site "Germany"]
[Date "2016.10.22"]
[Round "2.6"]
[White "Overmeyer, Juergen"]
[Black "Schulte, Rainer"]
[Result "0-1"]
[WhiteElo "1531"]
[BlackElo "1491"]
[PlyCount "62"]
[EventDate "2016.09.24"]
[EventType "team"]
[EventRounds "9"]
[EventCountry "GER"]
[SourceTitle "EXT 2018"]
[Source "ChessBase"]
[SourceDate "2017.10.13"]
[SourceVersion "1"]
[SourceVersionDate "2017.10.13"]
[SourceQuality "1"]
[WhiteTeam "Emsdetten Rochade IV"]
[BlackTeam "Emsdetten Rochade V"]
[WhiteTeamCountry "GER"]
[BlackTeamCountry "GER"]

1. e4 c6 2. f4 d5 3. e5 Bf5 4. Nf3 Qb6 5. d4 e6 6. c3 c5 7. Bd3 Bxd3 8. Qxd3 Nd7 9. 0-0 Ne7 10. b3 Nc6 11. Be3 c4 12. Qc2 cxb3 13. axb3 a5 14. Nbd2 Be7 15. f5 Ndxe5 16. Nxe5 Nxe5 17. Rae1 Ng4 18. fxe6 fxe6 19. Rf3 Rc8 20. Rg3 Nxe3 21. Rgxe3 0-0 22. Rxe6 Qxd4+ 23. cxd4 Rxc2 24. Nf3 Bf6 25. Rb6 Rb2 26. Rxb7 a4 27. Ra1 Ra8 28. Rb4 a3 29. Ne1 a2 30. Ra4 Rxa4 31. bxa4 Rb1 0-1

[Event "Steinfurt Bezirksklasse 1314"]
[Site "Germany"]
[Date "2014.01.18"]
[Round "4.1"]
[White "Schulte, Rainer"]
[Black "Menz, Robert"]
[Result "1/2-1/2"]
[WhiteElo "1443"]
[BlackElo "1591"]
[PlyCount "82"]
[EventDate "2013.10.05"]
[EventType "team-tourn"]
[EventRounds "9"]
[EventCountry "GER"]
[SourceTitle "EXT 2015"]
[Source "ChessBase"]
[SourceDate "2014.11.20"]
[SourceVersion "1"]
[SourceVersionDate "2014.11.20"]
[SourceQuality "1"]
[WhiteTeam "Emsdetten Rochade IV"]
[BlackTeam "Saerbeck III"]
[WhiteTeamCountry "GER"]
[BlackTeamCountry "GER"]

1. d4 f5 2. c4 e6 3. Nf3 Nf6 4. e3 Be7 5. Nbd2 b6 6. g3 Bb7 7. Bg2 0-0 8. 0-0 a5 9. Qc2 Na6 10. a3 Rc8 11. b3 Ne4 12. Nxe4 Bxe4 13. Qc3 c6 14. Bb2 b5 15. c5 Bf6 16. Nd2 Bxg2 17. Kxg2 Ra8 18. b4 Nc7 19. Nb3 Nd5 20. Qd2 a4 21. Nc1 g5 22. Nd3 Qe7 23. h3 Bg7 24. f4 Nf6 25. Nf2 gxf4 26. exf4 Qf7 27. Qe2 Qg6 28. Kh2 Rae8 29. Rg1 h5 30. Qf3 Kf7 31. Nd3 Ke7 32. Ne5 Qh7 33. Rae1 Ng4+ 34. Kg2 Nf6 35. h4 Ne4 36. Nd3 Rg8 37. Kh2 Bf6 38. Nf2 Nxf2 39. Qxf2 Rg6 40. Bc1 Rh8 41. Be3 Kd8 1/2-1/2

[Event "Steinfurt Bezirksliga 1011"]
[Site "Germany"]
[Date "2011.03.05"]
[Round "6.8"]
[White "Hallmeier, Philipp"]
[Black "Schulte, Rainer"]
[Result "1/2-1/2"]
[WhiteElo "1368"]
[BlackElo "1470"]
[PlyCount "54"]
[EventDate "2010.10.02"]
[EventType "team-tourn"]
[EventRounds "9"]
[EventCountry "GER"]
[SourceTitle "EXT 2012"]
[Source "ChessBase"]
[SourceDate "2011.11.24"]
[SourceVersion "1"]
[SourceVersionDate "2011.11.24"]
[SourceQuality "1"]
[WhiteTeam "Ibbenbueren II"]
[BlackTeam "Emsdetten Rochade II"]
[WhiteTeamCountry "GER"]
[BlackTeamCountry "GER"]

1. e4 c6 2. d4 d5 3. Nc3 dxe4 4. Nxe4 Bf5 5. Nc5 Qc7 6. Nf3 Nd7 7. Nxd7 Bxd7 8. Bc4 e6 9. Ne5 Nf6 10. 0-0 Bd6 11. Nxd7 Nxd7 12. h3 0-0-0 13. Qg4 Rdg8 14. Bg5 h6 15. Bh4 Nf6 16. Bxf6 gxf6 17. Qf3 f5 18. Rfe1 Rg5 19. c3 Rhg8 20. Bf1 Qe7 21. b3 Qf6 22. Rad1 f4 23. Kh1 Qg6 24. c4 Qh5 25. Qxh5 Rxh5 26. Be2 Rhg5 27. Bf3 Kc7 1/2-1/2

[Event "Steinfurt Bezirksliga 1011"]
[Site "Germany"]
[Date "2011.01.22"]
[Round "4.7"]
[White "Roewekamp, Helmut"]
[Black "Schulte, Rainer"]
[Result "1-0"]
[WhiteElo "1653"]
[BlackElo "1470"]
[PlyCount "89"]
[EventDate "2010.10.02"]
[EventType "team-tourn"]
[EventRounds "9"]
[EventCountry "GER"]
[SourceTitle "EXT 2012"]
[Source "ChessBase"]
[SourceDate "2011.11.24"]
[SourceVersion "1"]
[SourceVersionDate "2011.11.24"]
[SourceQuality "1"]
[WhiteTeam "Reckenfeld"]
[BlackTeam "Emsdetten Rochade II"]
[WhiteTeamCountry "GER"]
[BlackTeamCountry "GER"]

1. e4 c6 2. d4 d5 3. e5 Bf5 4. Bd3 Bxd3 5. Qxd3 e6 6. Nf3 Nd7 7. 0-0 c5 8. c4 dxc4 9. Qxc4 cxd4 10. Qxd4 Bc5 11. Qg4 g6 12. Nc3 a6 13. Ne4 Qe7 14. Nxc5 Nxc5 15. Be3 h5 16. Qb4 Nd3 17. Qb3 Nb4 18. Bg5 Qc5 19. a3 Nd5 20. Qxb7 Qc8 21. Qxc8+ Rxc8 22. Rac1 Nge7 23. Rxc8+ Nxc8 24. Rc1 Ncb6 25. a4 Kd7 26. a5 Na4 27. Nd4 Nxb2 28. Rb1 Nc4 29. Rb7+ Nc7 30. Bf6 Rc8 31. g3 Nxa5 32. Rb6 Nc4 33. Rb7 Na3 34. Rb2 Ncb5 35. Nb3 Rc6 36. Rd2+ Kc7 37. Rd8 Kb7 38. Na5+ Kb6 39. Nxc6 Kxc6 40. Rf8 Nb1 41. Rxf7 a5 42. Be7 Kd5 43. Rf6 Kxe5 44. Rxg6 a4 45. Rg5+ 1-0

[Event "Steinfurt Bezirksliga 0809"]
[Site "Germany"]
[Date "2008.11.22"]
[Round "3.8"]
[White "Schulte, Rainer"]
[Black "Westers, Stefan"]
[Result "1-0"]
[WhiteElo "1460"]
[BlackElo "1156"]
[PlyCount "57"]
[EventDate "2008.09.27"]
[EventType "team-tourn"]
[EventRounds "9"]
[EventCountry "GER"]
[SourceTitle "EXT 2010"]
[Source "ChessBase"]
[SourceDate "2010.11.25"]
[SourceVersion "1"]
[SourceVersionDate "2010.11.25"]
[SourceQuality "1"]
[WhiteTeam "Emsdetten Rochade III"]
[BlackTeam "Emsdetten Turm III"]
[WhiteTeamCountry "GER"]
[BlackTeamCountry "GER"]

1. Nf3 d6 2. d4 Bg4 3. Nbd2 Bxf3 4. Nxf3 Nc6 5. e4 e5 6. Be3 Nf6 7. d5 Ne7 8. Nd2 c6 9. c4 Qa5 10. Bd3 g6 11. 0-0 Bg7 12. a3 b5 13. b4 Qa6 14. cxb5 cxb5 15. Qe2 Nd7 16. Bxb5 Qb7 17. Ba6 Qb8 18. Rfc1 0-0 19. Rc2 f5 20. f3 f4 21. Bf2 h5 22. Rac1 g5 23. Rc7 Qd8 24. Bxa7 Nxd5 25. exd5 e4 26. Nxe4 Re8 27. Qd3 Ne5 28. Qb5 Re7 29. Rc8 1-0

[Event "Steinfurt Bezirksliga 0708"]
[Site "Germany"]
[Date "2008.05.10"]
[Round "9.5"]
[White "Pohlmeier, Ulrich"]
[Black "Schulte, Rainer"]
[Result "1/2-1/2"]
[WhiteElo "1565"]
[BlackElo "1478"]
[PlyCount "56"]
[EventDate "2007.09.22"]
[EventType "team-tourn"]
[EventRounds "9"]
[EventCountry "GER"]
[SourceTitle "EXT 2009"]
[Source "ChessBase"]
[SourceDate "2008.11.26"]
[SourceVersion "1"]
[SourceVersionDate "2008.11.26"]
[SourceQuality "1"]
[WhiteTeam "Rheine Klein Berlin II"]
[BlackTeam "Emsdetten Rochade III"]
[WhiteTeamCountry "GER"]
[BlackTeamCountry "GER"]

1. e4 g6 2. Nf3 Bg7 3. d4 d6 4. c3 Bg4 5. h3 Bxf3 6. Qxf3 e5 7. Bc4 Qf6 8. Nd2 Nd7 9. 0-0 exd4 10. cxd4 c5 11. d5 Qxf3 12. Nxf3 Ngf6 13. Re1 0-0 14. Bf4 Nb6 15. Nd2 Rad8 16. Rab1 Rfe8 17. f3 a6 18. b4 Nh5 19. Bh2 cxb4 20. Bb3 Bd4+ 21. Kf1 Re7 22. g4 Bc3 23. Re2 Nf6 24. Bg1 Nfd7 25. Rc1 Nc5 26. Nb1 Nba4 27. Bxc5 Nxc5 28. Nxc3 bxc3 1/2-1/2

[Event "Steinfurt Bezirksliga 0708"]
[Site "Germany"]
[Date "2008.04.19"]
[Round "8.5"]
[White "Schulte, Rainer"]
[Black "Boehlich, Daniel"]
[Result "1/2-1/2"]
[WhiteElo "1478"]
[BlackElo "1630"]
[PlyCount "80"]
[EventDate "2007.09.22"]
[EventType "team-tourn"]
[EventRounds "9"]
[EventCountry "GER"]
[SourceTitle "EXT 2009"]
[Source "ChessBase"]
[SourceDate "2008.11.26"]
[SourceVersion "1"]
[SourceVersionDate "2008.11.26"]
[SourceQuality "1"]
[WhiteTeam "Emsdetten Rochade III"]
[BlackTeam "Steinfurt II"]
[WhiteTeamCountry "GER"]
[BlackTeamCountry "GER"]

1. Nf3 d5 2. g3 Nf6 3. Bg2 Bf5 4. d3 e6 5. Bg5 Be7 6. 0-0 0-0 7. Ne5 Nbd7 8. Nxd7 Qxd7 9. Nd2 h6 10. Bxf6 Bxf6 11. e4 Bh7 12. Qe2 Rab8 13. e5 Be7 14. Nb3 c5 15. c4 d4 16. Nd2 b5 17. b3 b4 18. f4 Rb6 19. Rfe1 Re8 20. Qf3 a5 21. Ne4 Bxe4 22. Rxe4 Bd8 23. Qh5 Kh7 24. g4 g6 25. Qh3 Kg7 26. Rf1 Bc7 27. Qg3 Qe7 28. Rfe1 Kh8 29. Bh3 f5 30. exf6 Qxf6 31. g5 hxg5 32. Qxg5 Qxg5+ 33. fxg5 e5 34. Rh4+ Kg7 35. Rf1 Bd8 36. Rg4 Rb7 37. Bg2 Rf7 38. Rxf7+ Kxf7 39. Bd5+ Kg7 40. Rh4 Bxg5 1/2-1/2

[Event "Steinfurt Bezirksliga 0607"]
[Site "Germany"]
[Date "2007.02.03"]
[Round "6.6"]
[White "Niedenzu, Gerhard"]
[Black "Schulte, Rainer"]
[Result "1/2-1/2"]
[WhiteElo "1507"]
[BlackElo "1476"]
[PlyCount "49"]
[EventDate "2006.09.09"]
[EventType "team-tourn"]
[EventRounds "9"]
[EventCountry "GER"]
[SourceTitle "EXT 2008"]
[Source "ChessBase"]
[SourceDate "2007.11.25"]
[SourceVersion "1"]
[SourceVersionDate "2007.11.25"]
[SourceQuality "1"]
[WhiteTeam "Ibbenbueren II"]
[BlackTeam "Emsdetten Rochade II"]
[WhiteTeamCountry "GER"]
[BlackTeamCountry "GER"]

1. e4 c6 2. d4 d5 3. exd5 cxd5 4. Nf3 Nc6 5. c3 Bf5 6. Bd3 Bxd3 7. Qxd3 Qc7 8. Be3 e6 9. Nbd2 Nf6 10. h3 Bd6 11. Rb1 0-0 12. 0-0 Na5 13. Rfe1 Nc4 14. Nxc4 dxc4 15. Qf1 Nd5 16. Bd2 b5 17. Kh1 Rae8 18. Re2 Re7 19. Rbe1 Rfe8 20. Bc1 f6 21. Rd1 Bf4 22. g3 Bxc1 23. Rxc1 Qc6 24. Qg2 a5 25. Rce1 1/2-1/2

[Event "Steinfurt Bezirksliga 0405"]
[Site "Germany"]
[Date "2005.03.05"]
[Round "7.7"]
[White "Richter, Michael2"]
[Black "Schulte, Rainer"]
[Result "1/2-1/2"]
[WhiteElo "1668"]
[BlackElo "1474"]
[PlyCount "105"]
[EventDate "2004.09.25"]
[EventType "team-tourn"]
[EventRounds "11"]
[EventCountry "GER"]
[SourceTitle "EXT 2006"]
[Source "ChessBase"]
[SourceDate "2005.11.24"]
[SourceVersion "1"]
[SourceVersionDate "2005.11.24"]
[SourceQuality "1"]
[WhiteTeam "Reckenfeld"]
[BlackTeam "Emsdetten Rochade III"]
[WhiteTeamCountry "GER"]
[BlackTeamCountry "GER"]

1. d4 g6 2. Nf3 d6 3. g3 b6 4. Bg2 Bb7 5. 0-0 Bg7 6. c3 Nd7 7. Qb3 e6 8. Bg5 Ngf6 9. Nbd2 d5 10. Ne5 0-0 11. e4 Qc8 12. Nxd7 Qxd7 13. e5 Ne8 14. Qa3 f6 15. exf6 Bxf6 16. Bh6 Bg7 17. Bxg7 Kxg7 18. Nf3 Qf7 19. Ng5 Qf6 20. f4 Nd6 21. Rae1 Rfe8 22. Qa4 Re7 23. Nxe6+ Kf7 24. Ng5+ Kg7 25. Nf3 a5 26. Rxe7+ Qxe7 27. Ne5 Nf7 28. Qd7 Qxd7 29. Nxd7 Re8 30. Ne5 Nd6 31. Kf2 Nf5 32. Re1 Re7 33. Rd1 Kf6 34. a3 Ke6 35. Bh3 Kd6 36. b4 a4 37. Bf1 Bc6 38. Bd3 Be8 39. Bxf5 gxf5 40. Nd3 Bh5 41. Rd2 c6 42. Nb2 b5 43. Nd3 h6 44. h3 Re6 45. Ne5 Be8 46. g4 fxg4 47. hxg4 Rf6 48. Kg3 Rf8 49. Rh2 Rh8 50. g5 h5 51. g6 Ke6 52. Kh4 Kf6 53. Rg2 1/2-1/2

[Event "Steinfurt Bezirksliga 0405"]
[Site "Germany"]
[Date "2004.12.11"]
[Round "4.6"]
[White "Schulte, Rainer"]
[Black "Sterthaus, Paul"]
[Result "1/2-1/2"]
[WhiteElo "1474"]
[BlackElo "1527"]
[PlyCount "45"]
[EventDate "2004.09.25"]
[EventType "team-tourn"]
[EventRounds "11"]
[EventCountry "GER"]
[SourceTitle "EXT 2006"]
[Source "ChessBase"]
[SourceDate "2005.11.24"]
[SourceVersion "1"]
[SourceVersionDate "2005.11.24"]
[SourceQuality "1"]
[WhiteTeam "Emsdetten Rochade III"]
[BlackTeam "Neuenkirchen II"]
[WhiteTeamCountry "GER"]
[BlackTeamCountry "GER"]

1. d4 e6 2. c4 d5 3. Nf3 Nf6 4. Bg5 Be7 5. Nc3 h6 6. Bxf6 Bxf6 7. e3 c6 8. Bd3 Nd7 9. Qc2 Be7 10. 0-0 Nf6 11. Ne5 0-0 12. f4 dxc4 13. Nxc4 Bd7 14. Ne5 Rc8 15. Nxd7 Qxd7 16. Rad1 Qc7 17. Ne4 Nd5 18. Qf2 f5 19. Nc5 Bxc5 20. dxc5 Nf6 21. Bc4 Nd5 22. Bd3 Rce8 23. Qf3 1/2-1/2

[Event "Steinfurt Bezirksliga 0304"]
[Site "Germany"]
[Date "2004.01.24"]
[Round "4.8"]
[White "Schulte, Rainer"]
[Black "Dieckmann, Stefan"]
[Result "0-1"]
[WhiteElo "1468"]
[BlackElo "1556"]
[PlyCount "37"]
[EventDate "2003.10.18"]
[EventType "team-tourn"]
[EventRounds "9"]
[EventCountry "GER"]
[SourceTitle "EXT 2005"]
[Source "ChessBase"]
[SourceDate "2004.11.15"]
[SourceVersion "1"]
[SourceVersionDate "2004.11.15"]
[SourceQuality "1"]
[WhiteTeam "Emsdetten Rochade III"]
[BlackTeam "Saerbeck Falke II"]
[WhiteTeamCountry "GER"]
[BlackTeamCountry "GER"]

1. d4 Nf6 2. c4 e6 3. Nc3 Bb4 4. Bd2 c5 5. e3 d5 6. Nf3 0-0 7. cxd5 exd5 8. Qc2 Nc6 9. a3 Ba5 10. dxc5 d4 11. Nb5 dxe3 12. fxe3 Bxd2+ 13. Nxd2 Ng4 14. Nc4 Qg5 15. e4 Qxc5 16. Nc3 Be6 17. b4 Qg5 18. Be2 Bxc4 19. Bxg4 0-1

[Event "Steinfurt Bezirksklasse 0203"]
[Site "Germany"]
[Date "2003.04.05"]
[Round "7.5"]
[White "Altenaehr, Johannes"]
[Black "Schulte, Rainer"]
[Result "0-1"]
[WhiteElo "1416"]
[BlackElo "1496"]
[PlyCount "68"]
[EventDate "2002.09.28"]
[EventType "team-tourn"]
[EventRounds "7"]
[EventCountry "GER"]
[SourceTitle "EXT 2005"]
[Source "ChessBase"]
[SourceDate "2004.11.15"]
[SourceVersion "1"]
[SourceVersionDate "2004.11.15"]
[SourceQuality "1"]
[WhiteTeam "Rheine CC"]
[BlackTeam "Emsdetten Rochade III"]
[WhiteTeamCountry "GER"]
[BlackTeamCountry "GER"]

1. Nf3 Nf6 2. d4 g6 3. c4 Bg7 4. Nc3 d6 5. e4 0-0 6. Qc2 Nbd7 7. Bd3 e5 8. d5 Nc5 9. Be2 a5 10. 0-0 Bd7 11. a4 Qc8 12. Be3 Na6 13. Qd2 Ng4 14. Bg5 Nc5 15. Ra3 f5 16. exf5 Bxf5 17. h3 Nf6 18. Nh4 Nfe4 19. Nxe4 Nxe4 20. Qe3 Nxg5 21. Qxg5 Bf6 22. Qh6 e4 23. Nxf5 Qxf5 24. Bg4 Qe5 25. Qd2 b6 26. Rb1 Rae8 27. b4 axb4 28. Rxb4 Qd4 29. Qxd4 Bxd4 30. Rbb3 Rxf2 31. Kh2 Ref8 32. a5 e3 33. axb6 Be5+ 34. Kg1 Rf1# 0-1